| 000 | 00980nam a22002177a 4500 | ||
|---|---|---|---|
| 999 |
_c57772 _d57772 |
||
| 003 | Ge_BSU | ||
| 005 | 20201116181616.0 | ||
| 008 | 201116s2011ge xxu||||| |||| 00| 0 geo d | ||
| 020 | _a9941427176 | ||
| 041 | _ageo | ||
| 080 | _a615(09) ჩ-84 | ||
| 100 |
_a ჩუბინიძე, გიორგი _99738 |
||
| 245 |
_aფარმაციის ისტორიის მოკლე კურსი / _cგიორგი ჩუბინიძე , რედ . ალექსანდრე სულავა, მხატვ : დავით ხაბაშვილი. |
||
| 264 |
_aთბილისი, _c2011. |
||
| 300 |
_a260 გვ. _bილ. _c20 სმ. |
||
| 653 | _aმედიცინა . | ||
| 653 | _aფარმაცია | ||
| 700 |
_aსულავა, ალექსანდრე _eრედაქტორი _99739 |
||
| 700 |
_aხაბაშვილი, დავით _eმხატვარი _99740 |
||
| 942 |
_2udc _cBK |
||